000 00766nam a2200229Ia 4500
003 OSt
005 20250127093330.0
008 210716s2015 xx 000 0 und d
020 _a9789332540347
040 _cAIMIT LIBRARY
041 _aeng
082 _a001.0726584
_21
_bDAVT
100 _aDavenport, Thomas H.
_9195524
245 _aEnterprise analytics :
_boptimize performance process and decisions through big data /
_cBy Thomas H Davenport.
250 _a1st ed.
260 _aNew Delhi :
_bPearson Education ,
_c2015.
300 _axvii,268p. ;
_bPB
_c23.6 cm
650 _aApplication of analytics
_9195525
650 _aTechnologies for analytics
_9195526
650 _aThe human side of analytics
_9195527
942 _2ddc
_cBK
_e1st
_k001.0726584 DAVT
999 _c196362
_d196362